Marvel & DC Live Actions Shows - Statistics

General Stats
  • This quiz has been taken 40 times
  • The average score is 26 of 52
Answer Stats
Show Release % Correct
Moon Knight 2022
81%
WandaVision 2021
81%
Daredevil 2015-2018
78%
Arrow 2012-2020
74%
Hawkeye 2021
74%
Supergirl 2015-2021
74%
The Flash 2014-2023
74%
The Punisher 2017-2019
74%
Iron Fist 2017-2018
70%
Jessica Jones 2015-2019
70%
Loki 2021-2023
70%
Luke Cage 2016-2018
70%
Ms. Marvel 2022
70%
Agents of S.H.I.E.L.D. 2013-2020
67%
Daredevil: Born Again 2025
67%
Smallville 2001-2011
67%
Gotham 2014-2019
63%
She-Hulk: Attorney at Law 2022
63%
The Defenders 2017
63%
The Falcon and the Winter Soldier 2021
63%
Batwoman 2019-2022
59%
Superman & Lois 2021-2024
59%
Batman 1966-1968
56%
Black Lightning 2018-2021
56%
Agent Carter 2015-2016
52%
Inhumans 2017
52%
Legends of Tomorrow 2016-2022
52%
Secret Invasion 2023
52%
TItans 2018-2023
52%
Constantine 2014-2015
44%
Echo 2024
44%
Ironheart 2025
44%
Peacemaker 2022-2025
44%
Agatha All Along 2024
41%
Runaways 2017-2019
41%
Cloak & Dagger 2018-2019
37%
Doom Patrol 2019-2023
37%
Stargirl 2020-2022
37%
Wonder Woman 1975-1979
37%
Swamp Thing 1990-1993
33%
The Penguin 2024
33%
Gotham Knights 2023
30%
Birds of Prey 2002-2003
26%
Helstrom 2020
26%
Wonder Man 2025
26%
Adventures of Superman 1952-1958
19%
Shazam! 1974-1977
19%
Lois & Clark: The New Adventures of Superma 1993-1997
15%
Superboy 1988-1992
15%
I Am Groot 2022-2023
11%
Pennyworth 2019-2022
11%
Krypton 2018-2019
7%
No matching quizzes found
Score Distribution
Percent of People with Each Score
Percentile by Number Answered
Your Score History
You have not taken this quiz